000 00287nam a22001337a 4500
003 SGT
082 _a616.89
100 _aDUKES, CHRIS
245 _aBUILDING BETTER BCHARIOUR IN EARLY YEAR
260 _aLONDON
_bSAGE
_c2009
300 _a101
650 _aPSYCHOLOGY
942 _2ddc
_cBK
999 _c10461
_d10461